Rýchlostná konštanta propagácie pre radikálovú polymerizáciu monomérov rozpustných vo vode
Salvato in:
| Autore principale: | |
|---|---|
| Altri autori: | |
| Natura: | Manoscritto Libro |
| Lingua: | slovacco |
| Pubblicazione: |
2016
|
| Soggetti: | |
| Accesso online: | http://is.stuba.sk/zp/portal_zp.pl?podrobnosti=121143 |
| Tags: |
Nessun Tag, puoi essere il primo ad aggiungerne!!
|
MARC
| LEADER | 00000ntm a22000003a 4500 | ||
|---|---|---|---|
| 001 | stuzp58373 | ||
| 003 | SK-STU | ||
| 005 | 20160719155538.3 | ||
| 007 | ta | ||
| 008 | 150427s2015----xo-----f-mn---000-0-slo-d | ||
| 040 | |a STU |b slo | ||
| 041 | 0 | |a slo | |
| 100 | 1 | |a Bošeľová, Patrícia |u 049370 |4 aut |U FCHPT Ústav prírodných a syntetických polymérov |T FCHPT Oddelenie plastov, kaučuku a vlákien |X 42448 |U C9370 |Y 128 |7 42448 | |
| 242 | 0 | 1 | |a Propagation Rate Coefficient for Radical Polymerization of Water-Soluble Monomers |y eng |
| 245 | 1 | 0 | |a Rýchlostná konštanta propagácie pre radikálovú polymerizáciu monomérov rozpustných vo vode |
| 260 | |c 2016 | ||
| 650 | 4 | |a rýchlostná konštanta propagácie |2 slo | |
| 650 | 4 | |a akrylamid |2 slo | |
| 650 | 4 | |a fotoiniciátor |2 slo | |
| 650 | 4 | |a radikálová polymerizácia |2 slo | |
| 650 | 4 | |a polymerizácia vo vodnom roztoku |2 slo | |
| 650 | 4 | |a propagation rate coefficient |2 eng | |
| 650 | 4 | |a acrylamide |2 eng | |
| 650 | 4 | |a radical polymerization |2 eng | |
| 650 | 4 | |a photoinitiator |2 eng | |
| 650 | 4 | |a polymerization in aqueous solution |2 eng | |
| 700 | 1 | |a Lacík, Igor |4 ths |X 62118 |7 62118 | |
| 856 | 4 | |u http://is.stuba.sk/zp/portal_zp.pl?podrobnosti=121143 | |
| SQL | |a stuzp58373 |b DDP |c SLO |d Rýchlostná konštanta propagácie pre radikálovú polymerizáciu monomérov rozpustných vo vode |e 42448 |f Bošeľová, Patrícia |g 049370 |h 62118 |i Lacík, Igor |j 20160606 |k 542 |l 04 |m http://is.stuba.sk/zp/portal_zp.pl?podrobnosti=121143 |n I-PSP |o 5.2.18. chemické technológie | ||